[Event "Gatwick e2e4 op U1950"]
[Site "Crawley"]
[Date "2013.11.02"]
[Round "3"]
[White "Fisher, Robert HC"]
[Black "Holton, Jake"]
[Result "1/2-1/2"]
[WhiteElo "1787"]
[BlackElo "1439"]
[PlyCount "158"]
[EventDate "2013.11.01"]
[EventType "swiss"]
[EventRounds "5"]
[EventCountry "ENG"]
[SourceTitle "EXT 2015"]
[Source "ChessBase"]
[SourceDate "2014.11.20"]
[SourceVersion "1"]
[SourceVersionDate "2014.11.20"]
[SourceQuality "1"]

1. d4 d5 2. c4 e6 3. Nc3 Nf6 4. Nf3 Bb4 5. e3 0-0 6. Bd3 c5 7. 0-0 Nc6 8. a3 Bxc3 9. bxc3 Qa5 10. Qc2 dxc4 11. Bxc4 b5 12. Be2 c4 13. Bd2 Re8 14. a4 e5 15. axb5 Qxb5 16. Rfb1 Qd5 17. Qa4 a6 18. Bxc4 Qd6 19. Bc1 Bd7 20. Qa2 Be6 21. Bxe6 Rxe6 22. Ba3 Qc7 23. Ng5 Ree8 24. d5 Nd8 25. d6 Qd7 26. Qe2 h6 27. Nh3 Qf5 28. Qf3 Qxf3 29. gxf3 Ne6 30. c4 Nd7 31. Kf1 Rec8 32. Rc1 Rc6 33. Ra2 Rac8 34. Rac2 Nec5 35. Bxc5 Rxc5 36. Ke2 R5c6 37. c5 Rxc5 38. Rxc5 Rxc5 39. Rxc5 Nxc5 40. Kd2 f6 41. Kc3 Kf7 42. Kc4 Nb7 43. Kd5 Ke8 44. Kc6 Nd8+ 45. Kc7 Ne6+ 46. Kc8 a5 47. Ng1 Nc5 48. Ne2 f5 49. Nc3 g5 50. h3 h5 51. Nb5 a4 52. Kc7 Ne6+ 53. Kc6 Kd8 54. Kd5 Kd7 55. Kxe5 Ng7 56. Kf6 Ne8+ 57. Kxg5 Nxd6 58. Na3 Ke6 59. Kxh5 Kf6 60. Kh4 Kg6 61. Kg3 Kg5 62. h4+ Kh5 63. Kf4 Kg6 64. e4 fxe4 65. fxe4 Kf7 66. Ke3 Kg6 67. Kd4 Ne8 68. f4 Kh5 69. Nc4 Kxh4 70. Ne3 Kh5 71. Kc3 Nf6 72. e5 Nd7 73. Kb4 Kg6 74. Kxa4 Kf7 75. Kb5 Ke6 76. Nc4 Kf5 77. Kc6 Nf8 78. Kd6 Kxf4 79. Ke7 Ng6+ 1/2-1/2

[Event "Gatwick e2e4 Major op"]
[Site "Gatwick"]
[Date "2013.10.30"]
[Round "8"]
[White "Richardson, Paul"]
[Black "Fisher, Robert HC"]
[Result "1/2-1/2"]
[WhiteElo "1542"]
[BlackElo "1787"]
[PlyCount "65"]
[EventDate "2013.10.26"]
[EventType "swiss"]
[EventRounds "9"]
[EventCountry "ENG"]
[SourceTitle "EXT 2015"]
[Source "ChessBase"]
[SourceDate "2014.11.20"]
[SourceVersion "1"]
[SourceVersionDate "2014.11.20"]
[SourceQuality "1"]

1. Nf3 Nf6 2. c4 g6 3. b4 Bg7 4. Bb2 0-0 5. g3 d5 6. cxd5 Qxd5 7. Nc3 Qh5 8. h3 Qf5 9. Nd4 Qd7 10. Nf3 c6 11. Qc2 b6 12. Bg2 Bb7 13. 0-0 Na6 14. b5 Nb4 15. Qb3 c5 16. Ne5 Qc7 17. Bxb7 Qxb7 18. a3 Nbd5 19. d3 e6 20. Nc6 Ne7 21. Nxe7+ Qxe7 22. Nd1 Rfe8 23. Ne3 Rad8 24. Nc4 Nd7 25. Bxg7 Kxg7 26. Qc3+ e5 27. f4 f6 28. fxe5 Nxe5 29. Nxe5 fxe5 30. Rf2 Rf8 31. Raf1 Rxf2 32. Rxf2 Re8 33. Qc4 1/2-1/2

[Event "London e2e4 Diamond Jubilee op-C"]
[Site "London"]
[Date "2012.06.05"]
[Round "7"]
[White "Slade, Theodore"]
[Black "Fisher, Robert HC"]
[Result "1/2-1/2"]
[WhiteElo "1806"]
[BlackElo "1835"]
[PlyCount "72"]
[EventDate "2012.06.02"]
[EventType "swiss"]
[EventRounds "7"]
[EventCountry "ENG"]
[SourceTitle "EXT 2014"]
[Source "ChessBase"]
[SourceDate "2013.11.20"]
[SourceVersion "1"]
[SourceVersionDate "2013.11.20"]
[SourceQuality "1"]

1. d4 Nf6 2. Nf3 g6 3. Nbd2 d5 4. e3 Bg7 5. Bd3 0-0 6. 0-0 Nc6 7. c3 Ng4 8. h3 Nh6 9. b3 e5 10. dxe5 Nxe5 11. Nxe5 Bxe5 12. Bb2 Nf5 13. g4 Nh4 14. f4 Bg7 15. Nf3 Nxf3+ 16. Qxf3 f5 17. Rad1 c6 18. Ba3 Re8 19. c4 Qa5 20. Bd6 Qxa2 21. cxd5 fxg4 22. hxg4 cxd5 23. Qxd5+ Be6 24. Qxb7 Bxg4 25. Bc4+ Kh8 26. Be5 Bxe5 27. fxe5 Rab8 28. Qc7 Rbc8 29. Qb7 Rb8 30. Qc6 Rf8 31. Rf7 Rxf7 32. Bxf7 Rb6 33. Rd8+ Kg7 34. Qh1 Qa1+ 35. Kh2 Qxh1+ 36. Kxh1 Kxf7 1/2-1/2

[Event "Gatwick e2e4 int op-B"]
[Site "Gatwick"]
[Date "2011.10.30"]
[Round "8"]
[White "Crouch, Timothy J"]
[Black "Fisher, Robert HC"]
[Result "0-1"]
[WhiteElo "1641"]
[BlackElo "1800"]
[PlyCount "64"]
[EventDate "2011.10.26"]
[EventType "swiss"]
[EventRounds "9"]
[EventCountry "ENG"]
[SourceTitle "EXT 2014"]
[Source "ChessBase"]
[SourceDate "2013.11.20"]
[SourceVersion "1"]
[SourceVersionDate "2013.11.20"]
[SourceQuality "1"]

1. e4 d6 2. d4 Nf6 3. Nc3 Nbd7 4. Nf3 e5 5. h3 c6 6. Bg5 Be7 7. Bxf6 Bxf6 8. dxe5 Nxe5 9. Nxe5 Bxe5 10. Qd2 Bf6 11. Bd3 0-0 12. 0-0 Be6 13. Nd1 Qc7 14. c3 Rad8 15. Qc2 g6 16. f4 Bc8 17. Nf2 c5 18. Ng4 Bxg4 19. hxg4 c4 20. Be2 b5 21. Rad1 Bg7 22. Rd5 a6 23. a3 Rfe8 24. Bf3 Bh6 25. g3 Bf8 26. Kg2 f6 27. Rfd1 Re6 28. Qd2 Rde8 29. f5 Re5 30. Rh1 a5 31. Kf2 Qb6+ 32. Qe3 Qxe3+ 0-1

[Event "Gatwick e2e4 int op-B"]
[Site "Gatwick"]
[Date "2011.10.30"]
[Round "9"]
[White "Fisher, Robert HC"]
[Black "Doran, Niall"]
[Result "1-0"]
[WhiteElo "1800"]
[BlackElo "1611"]
[PlyCount "135"]
[EventDate "2011.10.26"]
[EventType "swiss"]
[EventRounds "9"]
[EventCountry "ENG"]
[SourceTitle "EXT 2014"]
[Source "ChessBase"]
[SourceDate "2013.11.20"]
[SourceVersion "1"]
[SourceVersionDate "2013.11.20"]
[SourceQuality "1"]

1. c4 Nf6 2. Nc3 g6 3. d4 Bg7 4. e4 d6 5. Nf3 0-0 6. Be2 e5 7. 0-0 Nc6 8. d5 Ne7 9. Ne1 Nd7 10. f3 f5 11. Be3 f4 12. Bf2 g5 13. Nd3 Nf6 14. c5 Ne8 15. Rc1 Rf7 16. Nb5 a6 17. cxd6 cxd6 18. Na3 Kh8 19. Nc4 Ng8 20. Nb6 Rb8 21. Rc3 Bd7 22. Nxd7 Rxd7 23. Qb3 b5 24. Nb4 Ra8 25. Rfc1 Ne7 26. Nc6 Nxc6 27. Rxc6 Rb7 28. Qc2 Rbb8 29. b3 h5 30. a4 bxa4 31. bxa4 a5 32. Ba6 Kh7 33. Bc8 Bf8 34. Bf5+ Kh8 35. Bg6 Nf6 36. g3 Kg7 37. Bf5 Ne8 38. gxf4 gxf4 39. Kh1 Kh8 40. Qc3 Be7 41. Rg1 Bh4 42. Qe1 Bxf2 43. Qxf2 Rb7 44. Rg6 Rab8 45. Rh6+ Kg8 46. Qg1+ Rg7 47. Rg6 Rbb7 48. Rc8 Qe7 49. Rxg7+ Qxg7 50. Qxg7+ Kxg7 51. Rxe8 Rb1+ 52. Kg2 Rb2+ 53. Kf1 Rb1+ 54. Ke2 Rb2+ 55. Kd1 Rxh2 56. Re7+ Kf8 57. Re6 Rf2 58. Rxd6 Rxf3 59. Ke2 Re3+ 60. Kf2 Ra3 61. Re6 Rxa4 62. d6 Rd4 63. Rh6 a4 64. Rh8+ Kf7 65. d7 Ke7 66. Re8+ Kf7 67. d8Q Rxd8 68. Rxd8 1-0

[Event "Gatwick e2e4 int op-B"]
[Site "Gatwick"]
[Date "2011.10.26"]
[Round "1"]
[White "Fisher, Robert HC"]
[Black "Ireland, David J"]
[Result "1/2-1/2"]
[WhiteElo "1800"]
[BlackElo "1997"]
[PlyCount "121"]
[EventDate "2011.10.26"]
[EventType "swiss"]
[EventRounds "9"]
[EventCountry "ENG"]
[SourceTitle "EXT 2014"]
[Source "ChessBase"]
[SourceDate "2013.11.20"]
[SourceVersion "1"]
[SourceVersionDate "2013.11.20"]
[SourceQuality "1"]

1. c4 e5 2. Nc3 Nc6 3. Nf3 f5 4. d4 d6 5. dxe5 Nxe5 6. e3 Nf6 7. Nxe5 dxe5 8. Qxd8+ Kxd8 9. Be2 c6 10. a3 a5 11. 0-0 Be6 12. b3 Kc7 13. Bb2 Be7 14. Na4 Nd7 15. Bc3 Bf6 16. f3 e4 17. fxe4 fxe4 18. Bd4 b6 19. Nc3 c5 20. Bxf6 Nxf6 21. Rf4 Rhe8 22. Rd1 Bd7 23. Nd5+ Nxd5 24. cxd5 Kd6 25. a4 Re7 26. Bc4 Rae8 27. Rdf1 Re5 28. R1f2 R8e7 29. Kf1 Bc8 30. Rf8 Re8 31. R8f7 R5e7 32. R7f4 Bb7 33. Rd2 Re5 34. Rf7 R8e7 35. Rf8 Rd7 36. Bb5 Rde7 37. Bc4 h6 38. Kf2 Re8 39. Rf7 R5e7 40. Rf4 Ke5 41. d6 Rd7 42. Bb5 Red8 43. Bxd7 Rxd7 44. Rf8 Bd5 45. Re8+ Kxd6 46. Rxe4 Kc6 47. Rg4 Rf7+ 48. Ke2 Bxb3 49. Rg6+ Rf6 50. Rxg7 Bxa4 51. e4 c4 52. e5 Re6 53. Rd6+ Rxd6 54. exd6 Kxd6 55. Rg6+ Kc5 56. Rxh6 c3 57. Rh8 b5 58. h4 b4 59. Rc8+ Kd4 60. Rd8+ Kc5 61. Rc8+ 1/2-1/2

[Event "Gatwick e2e4 op-B"]
[Site "Gatwick"]
[Date "2011.06.17"]
[Round "1"]
[White "Fisher, Robert HC"]
[Black "Laurain, Francis"]
[Result "1-0"]
[WhiteElo "1807"]
[BlackElo "1790"]
[PlyCount "69"]
[EventDate "2011.06.17"]
[EventType "swiss"]
[EventRounds "5"]
[EventCountry "ENG"]
[SourceTitle "EXT 2014"]
[Source "ChessBase"]
[SourceDate "2013.11.20"]
[SourceVersion "1"]
[SourceVersionDate "2013.11.20"]
[SourceQuality "1"]

1. d4 d5 2. c4 c6 3. Nc3 Nf6 4. cxd5 cxd5 5. Nf3 Nc6 6. Bg5 e6 7. e3 Be7 8. Be2 h6 9. Bh4 Bd7 10. 0-0 g5 11. Bg3 Ne4 12. Nxe4 dxe4 13. Nd2 f5 14. Bh5+ Kf8 15. f3 exf3 16. Qxf3 Kg7 17. h3 Qb6 18. Nc4 Qb4 19. b3 Rhf8 20. Rad1 Be8 21. Bxe8 Raxe8 22. Be1 Qb5 23. d5 Nd8 24. Bc3+ Kh7 25. e4 Bc5+ 26. Kh1 Qd7 27. b4 Be7 28. e5 exd5 29. Rxd5 Qe6 30. Nd6 Bxd6 31. Rxd6 Qc4 32. Rfd1 Nc6 33. Qh5 Re6 34. Rxe6 Qxe6 35. Rd6 1-0